Регионална библиотека "Любен Каравелов" - Русе

Кърваво наследство (Запис номер 134194)

MARC детайли
000 -Лидер
Контролно поле с фиксирана дължина 01330nam a2200385 c 4500
003 - Код на организацията, давaща контролен номер
Контролно поле BLK
005 - Дата и час на последна редакция
Контролно поле 20250722150005.0
008 - Елементи от данни с фиксирана дължина
fixed length control field 180409b bul|||||r ||||||| ||bul||
010 ## - Наследен системен номер
LC control number KNG00140101000
020 ## - Международен стандартен номер на книга ISBN
Международен стандартен номер на книга ISBN 978-954-26-1176-9
040 ## - Източник на каталожния запис
Идентификатор на билиотеката - собственик на записа BLK
041 ## - Код за език
Код за езика на текст/звукозапис или на отделно заглавие Български
Код за езика КДБФ Български
072 #7 - Код за тематичната категория
Код организация bullib
Код за тематична категория Н83
Текст Чужда художествена литература Н
080 ## - УДК
Текстов определител УДК Новозеландска литература
УДК код - определител по УДК 821.111(931)
УДК определител -312.4
УДК - код + определител 821.111(931)-312.4
100 1# - Редна дума - Автор
Автор Клийв, Пол
R(LIN) 324288
139 ## - Редно поле
Редна дума Клийв, Пол
Авторски знак Кла - К 63
245 10 - Сведения за заглавието
Заглавие Кърваво наследство
Подзаглавни данни Роман
Редно поле (дума) Пол Клийв; прев. Стамен Димов Стойчев.
257 ## - Страна на издаване
Страна на създаване/издаване Нова Зеландия
260 ## - Област на издателските данни
Име на издателя, разпространителя и проч. Хермес
Година на издаване 2013
Печатница Хасково : Полиграфюг
300 ## - Физическа характеристика
Страници 336 с.
Размери/Мащаб 20 см
380 ## - Жанр
Жанр Худож. лит.
490 1# - СЕРИИ (Колекции)
Име на серия Мегаселър
500 ## - Общи забележки
Забележка Ориг. загл. Blood Man / Paul Cleave.
653 ## - Ключова дума – ненормативна
Ключова дума крими
653 ## - Ключова дума – ненормативна
Ключова дума романи
659 ## - Тематичен бюлетин
Тематичен бюлетин Н
700 1# - Други автори (авторска отговорност)
Лично име Стойчев, Стамен Димов
Автороска отговорност (Описва отношението между автора и произведението) прев.
9 (RLIN) 364706
852 ## - Местоположение
Форматна сигнатура Цб 258546
856 4# - Електронен адрес и достъп
Електронен формат pdf - файл
856 4# - Електронен адрес и достъп
Електронен формат pdf - файл
999 ## - СИСТЕМНИ КОНТРОЛНИ НОМЕРА
Koha biblionumber 134194
Koha biblioitemnumber 134194
942 ## - АРТИКУЛИ
Вид на библиотечния материал Книги
Скрит в OPAC Не
Koha issues (borrowed), all copies 71
Периодичен библиозапис Да
944 ## - СЪЗДАВАНЕ И РЕДАКЦИЯ на ЗАПИСА
Създаване/Редакция Създаване
Дата на регистрацията/редакция 27.02.2013
Статус, дата на статуса Цветомила Тодорова
Служител, извършил регистрацията/редакцията 30576
944 ## - СЪЗДАВАНЕ И РЕДАКЦИЯ на ЗАПИСА
Създаване/Редакция Редакция
Дата на регистрацията/редакция 21.12.2017
Статус, дата на статуса ф /
Служител, извършил регистрацията/редакцията Людмила_Стоянова
999 ## - СИСТЕМНИ КОНТРОЛНИ НОМЕРА
Koha biblioitemnumber 134194
Наличности
Код за отписване Код за изгубен артикул Източник на класификационната схема Код за повреда Коз за рестрикции Код за отдаване Артикулен № Име на библиотеката - собственик Име на библиотеката, в която се намира в момента Статус (Текущо местоположение) Дата на вписване в системата Местоположение - отдел Цена в лева Инвентарен номер Систематично азбучна сигнатура Баркод Номер на екземпляра Цена в евро Служебна бележка Служебен тип на артикула
  Не е изгубен Universal Decimal Classification Не е повреден без рестрикции заемане за дома 219051 Регионална библиотека "Любен Каравелов" Русе Регионална библиотека "Любен Каравелов" Русе Заемна - подръчен фонд 2013-02-22 Заемна - подръчен фонд 11.21 120000764452 П 821-31/К 63 120000764452 1 5.73 Дост: Pk Вид: Ф N: 113 Дата: 08.02.2013 Дата инв: 12.02.2018 Бележки инв: П2018 Книги
  Не е изгубен   Не е повреден без рестрикции заемане за дома 219052 Регионална библиотека "Любен Каравелов" Русе Регионална библиотека "Любен Каравелов" Русе Заемна - подръчен фонд 2013-02-22 Заемна - подръчен фонд 11.21 120000764453 П 820(9)-31/К 63 120000764453 2 5.73 Дост: Pk Вид: Ф N: 113 Дата: 08.02.2013 Дата инв: 16.02.2018 Бележки инв: П2018 Книги
  Не е изгубен   Не е повреден без рестрикции ползва се в читалня 219053 Регионална библиотека "Любен Каравелов" Русе Регионална библиотека "Любен Каравелов" Русе Хранилище 2014-06-04 Хранилище 14.95 120000777818 Цб 258546 120000777818 3 7.64 Дост: Pk Вид: Д N: 32 Дата: 29.07.2013 Книги
  Не е изгубен Universal Decimal Classification Не е повреден без рестрикции заемане за дома 219054 Регионална библиотека "Любен Каравелов" Русе Регионална библиотека "Любен Каравелов" Русе Заемна - подръчен фонд 2015-11-27 Заемна - подръчен фонд 8.98 120000795077 П 820(9)-31/К 63 120000795077 4 4.59 Дост: Pk Вид: Ф N: 569 Дата: 26.11.2015 Дата инв: 12.02.2018 Бележки инв: П2018 Книги
  Не е изгубен Universal Decimal Classification Не е повреден без рестрикции заемане за дома 219055 Регионална библиотека "Любен Каравелов" Русе Регионална библиотека "Любен Каравелов" Русе Заемна - подръчен фонд 2017-12-15 Заемна - подръчен фонд 4.00 120000818165 П 820(9)-31/К 63 120000818165 5 2.05 Дост: Pk Вид: Ф N: 498 Дата: 15.12.2017 Дата инв: 12.02.2018 Бележки инв: П2018 Книги
Vip Innovations Ltd, Rousse, Bulgaria 2025